Business law : principles and cases

Bibliographic Details
Other Authors: Davidson, Daniel V
Format: Book
Published: Boston : PWS-KENT Publishing Company , 1990
Edition:3rd ed
Subjects:

MARC

LEADER 00000cam a2200000 7i4500
001 0000004910
002 000005295
005 20000330.0
020 |a 0534918824 
090 0 0 |a 347.3067   |b BUS 
245 0 0 |a Business law :   |b principles and cases   |c Daniel V. Davidson ... [et al.] 
250 |a 3rd ed 
260 |a Boston :   |b PWS-KENT Publishing Company ,   |c 1990 
300 |a 1232p. ;   |c 23cm. 
650 0 0 |a Commercial law   |z United States   |x Cases 
700 1 |a Davidson, Daniel V 
999 |a 037651   |b BUKU   |c PINJAMAN   |e PERPUSTAKAAN KOMUNITI PETALING JAYA